000 00513nam a2200181Ia 4500
008 240925s9999 xx 000 0 und d
020 _a9788131522820
082 _a515.35 ZIL
100 _aZill ,Dennis G.
245 2 _aA First Course in Differential Equations with Modeling Application
250 _a10th
260 _aNew Delhi:
_bCengage Learning
_c,2013.
300 _a575p.
_bNA
_fOriginal
500 _aIncludes Index
600 _aHumanities & Natural Science
650 _aMathematics
942 _cBK
999 _c15513
_d15513